000 00495cab a2200193 4500
001 WB3243-50
008 090401t1996 xxu||||| |||| 00| 0 eng d
035 _a(Sirsi) u50429
041 _aeng
245 _aADAS up for sale
260 _c1996
350 _a0
490 _aFarmer`s Guardian
_v8 November 1996, 1(1)
520 _aADAS is up for sale, interested purchasers include a management buyout.
650 _aADAS
690 _aRURAL PRACTICE
942 _n0
948 _c04/03/1997
999 _c31470
_d31470